[Event "BCF-chT4S 1819 (4NCL)"]
[Site "England"]
[Date "2019.01.13"]
[Round "4.43"]
[White "Meichel, Eric B"]
[Black "Davies, Matthew"]
[Result "1/2-1/2"]
[WhiteElo "1937"]
[BlackElo "1945"]
[PlyCount "56"]
[EventDate "2018.11.17"]
[EventType "team-swiss"]
[EventRounds "11"]
[EventCountry "ENG"]
[SourceTitle "EXT 2021"]
[Source "ChessBase"]
[SourceDate "2020.10.23"]
[SourceVersion "1"]
[SourceVersionDate "2020.10.23"]
[SourceQuality "1"]
[WhiteTeam "MK Phoenix II"]
[BlackTeam "West is Best III"]
[WhiteTeamCountry "ENG"]
[BlackTeamCountry "ENG"]

1. d4 d5 2. c4 c6 3. Nf3 Nf6 4. e3 Bf5 5. Qb3 Qc7 6. Nc3 e6 7. g3 Nbd7 8. Bg2 Be7 9. 0-0 h6 10. cxd5 exd5 11. Bd2 0-0 12. Rac1 Qb6 13. Qxb6 axb6 14. Nh4 Bd3 15. Rfe1 Rfe8 16. a3 b5 17. Nf3 b4 18. axb4 Bxb4 19. Ra1 Bd6 20. Bf1 Bxf1 21. Kxf1 Nb6 22. b3 Ne4 23. Ke2 f6 24. Reb1 Kf7 25. Be1 Nxc3+ 26. Bxc3 Rxa1 27. Rxa1 Ra8 28. Rxa8 Nxa8 1/2-1/2